000 00609nam a2200205Ia 4500
005 20250923144659.0
008 008 250917s9999 xx 000 0 eng d
037 _aTextual
040 _aDSWL
_beng
_cDSWL
041 _aeng
_2eng
084 _aX:9(J381).2'N4, H6
_qDSWL
100 _aAdarkar, B.P.
_9827319
245 0 _aReport on labour conditions in the Rice Mills
_cby B.P. Adarkar
260 _aDelhi
_bManager of Publications
_c1946
300 _avi,73p.
365 _aINR
_b1.25
925 _g1.25
942 _cTEXL
_hX:9(J381).2'N4, H6
999 _c1441975
_d1441975